000 00408nam a22001457a 4500
020 _a9788122416725
040 _cNUST
082 _a671.52 RAD
100 _aRadhakrishnan, V. M.
_959175
245 _aWelding Technology & Design
250 _a2nd Edition
260 _aNew Delhi:
_bNew Age International (P) Ltd., Publishers,
_c2011.
650 _aWelding Technology & Design
_9113011
942 _2ddc
_cBK
999 _c594919
_d594919